[Event "Havlickuv Brod op-B"]
[Site "Havlickuv Brod"]
[Date "2005.09.30"]
[Round "7"]
[White "Vala, Filip"]
[Black "Matous, Radek"]
[Result "1-0"]
[WhiteElo "1834"]
[BlackElo "1994"]
[PlyCount "95"]
[EventDate "2005.09.24"]
[EventType "swiss"]
[EventRounds "9"]
[EventCountry "CZE"]
[SourceTitle "CBM 108 Extra"]
[Source "ChessBase"]
[SourceDate "2005.11.04"]
[SourceVersion "1"]
[SourceVersionDate "2005.11.04"]
[SourceQuality "1"]

1. e4 d5 2. exd5 Qxd5 3. Nc3 Qa5 4. d4 e5 5. Nf3 Bg4 6. dxe5 Bb4 7. Bd2 Nc6 8. a3 Bxf3 9. Qxf3 Qxe5+ 10. Qe2 Bc5 11. Bf4 Qxe2+ 12. Bxe2 0-0-0 13. 0-0 Nge7 14. Ne4 Rd4 15. Bd3 Bb6 16. Be3 Rd7 17. Bxb6 axb6 18. f4 f6 19. Ng3 Nd4 20. Nh5 Nd5 21. c3 Nb3 22. Rae1 g6 23. Ng3 Nxc3 24. Bc4 Nd2 25. Be6 Nxf1 26. Rxf1 Nb5 27. Ne4 Kd8 28. Bxd7 Kxd7 29. Nxf6+ Ke6 30. Ne4 h6 31. g4 Rf8 32. Kg2 Nd4 33. Nc3 c6 34. Kg3 b5 35. Rd1 c5 36. Re1+ Kd6 37. Re5 b6 38. h4 Rf7 39. h5 gxh5 40. Rxh5 Rh7 41. Ne4+ Ke6 42. Ng5+ hxg5 43. f5+ Ke5 44. Rxh7 b4 45. axb4 cxb4 46. Re7+ Kf6 47. Rd7 Ke5 48. Rxd4 1-0

[Event "Znojmo op"]
[Site "Znojmo"]
[Date "2005.05.15"]
[Round "1"]
[White "Bukal, Vladimir Jr"]
[Black "Matous, Radek"]
[Result "1-0"]
[WhiteElo "2405"]
[BlackElo "2000"]
[PlyCount "31"]
[EventDate "2005.05.15"]
[EventType "swiss"]
[EventRounds "9"]
[EventCountry "CZE"]
[SourceTitle "CBM 106 Extra"]
[Source "ChessBase"]
[SourceDate "2005.07.01"]
[SourceVersion "1"]
[SourceVersionDate "2005.07.01"]
[SourceQuality "1"]

1. d4 d5 2. c4 c6 3. Nf3 Nf6 4. Nc3 Nbd7 5. cxd5 cxd5 6. Bf4 g6 7. Qb3 Qa5 8. Qb5 Qb6 9. Qxb6 axb6 10. Nb5 Ra5 11. Rc1 Kd8 12. Bc7+ Ke8 13. Bg3 Kd8 14. Ng5 Rxb5 15. Nxf7+ Ke8 16. Nxh8 1-0